| 000 | 00352 a2200157 4500 | ||
|---|---|---|---|
| 001 | 58340 | ||
| 020 | _a9788501062659 | ||
| 040 | _cAnchieta - Pituba | ||
| 100 | _aAndrade, Carlos Drummond de | ||
| 240 | 1 | 0 |
_aContos de aprendiz _lpor |
| 245 | 1 | 0 | _aContos de aprendiz |
| 300 | _a189 | ||
| 362 | 0 | _a2010 | |
| 650 | 4 | _aFicção brasileira | |
| 942 | _cBK | ||
| 999 |
_c58340 _d58340 |
||